000 00802nam a22002537a 4500
999 _c7555
_d7555
001 7555
003 BD-JhCC
005 20180718194438.0
008 180211b1997 bg ||||| |||| 00| 0 ben d
020 _a9844152089
035 _a(BD-JhCC)7555
040 _aBD-JhCC
_dBD-JhCC
041 _aben
082 _a370.1
_bRAS 2007
100 _aরাসেল, বার্ট্রান্ড
245 _aশিক্ষা ও সমাজকাঠামো /
_cবার্ট্রান্ড রাসেল এবং আরশাদ অাজিজ (অনু.)
260 _aঢাকা :
_bঅবসর,
_c২০০৭.
300 _a124 p. :
_c22 cm.
650 _aEducation
650 _aSociety
700 _aঅাজিজ, আরশাদ
942 _2ddc
_cBK